000 00693nam a22002057a 4500
005 20251108165353.0
008 250721s1997 xx 000 0 ara d
082 1 4 _aم/922.13/حسي
100 1 _aالحسيني، شمس الدين أبو المحاسن محمد ...
245 1 0 _aكتاب التذكرة بمعرفة رجال الكتب العشرة /
264 1 _aالقاهرة :
_bمكتبة الخانجي،
_c1997.
300 _a
650 1 7 _aالحديث النبوي
650 1 7 _aالتراجم
650 1 7 _aالمحدثون
650 1 7 _aرجال الحديث
700 1 _aعبد المطلب، رفعت فوزي
_eتحقيق
942 _2ddc
_cREF
999 _c26305
_d26305